Antologia poética (Registo nº 12980)

Detalhes MARC
000 -Etiqueta do registo
campo de controlo de comprimento fixo 005740000a22002050004500
001 - Identificador do registo
Campo de controlo 12980
010 ## - ISBN
Número (ISBN) 972-20-1627-X
100 ## - Dados Gerais de Proc.
Dados gerais de processamento 20050530d2001 m y0pory5003 ba
101 0# - Língua da publicação
Língua do texto, banda sonora, etc. Português
102 ## - País de Publicação
País de publicação Portugal
200 1# - Título
Título próprio Antologia poética
Primeira menção de responsabilidade Miguel Torga
205 ## - Menção da edição
Menção da edição 6ª ed
210 ## - Publicação, Distribuição
Lugar da edição, distribuição, etc. Lisboa
Nome do editor, distribuidor, etc. Dom Quixote
Data da publicação, distribuição, etc. 2001
215 ## - Descrição física
Descrição física 491 p
225 2# - Colecção
Título próprio da colecção Autores de língua portuguesa
675 ## - CDU
Notação 821.134.3-1"19"
Edição BN
Língua da edição Português
700 #1 - Responsabilidade principal
Palavra de ordem Torga
Outra parte do nome Miguel
Elementos de identificação ou distinção pseud.
090 ## - Números de controlo do sistema (Koha)
Número biblioitem do Koha (gerado automaticamente) 12980
942 ## - Elementos de entrada adicionados (Koha)
Tipo de item no Koha Monografias
Suprimido Disponível no OPAC
999 ## - Campo local
Campo local 12980
-- Bibliobase - BMTAV
-- 2019-01-21
Exemplares
Removido (estado) Perdido (estado) Data de aquisição Origem do registo (biblioteca) (codificado) Código da organização que empresta ou é detentora (biblioteca) Código de barras Local Número de inventário Cota Tipo de circulação (não pode ser emprestado) Tipo de item e material
Disponível Disponível 2005-05-30 Biblioteca Municipal Álvaro de Campos Biblioteca Municipal Álvaro de Campos BMTAV28299 Sala de Adultos 28299 R9 TOR Normal Monografias